| 000 | 00433nam a22001337a 4500 | ||
|---|---|---|---|
| 020 | _a9787510453885 | ||
| 082 |
_a332.4973 _bPRA |
||
| 100 | _aEswar Prasad | ||
| 245 |
_aThe dollar trap : _bhow the U.S. dollar tightened its grip on global finance (Chinese Edition) / _cPrasad Eswar |
||
| 260 |
_aChina : _bGrand Publishing House, _c2015. |
||
| 300 |
_a358 p. ; _c24 cm. |
||
| 880 |
_6245-02\r _a美元陷阱 |
||
| 942 |
_2ddc _cBK |
||
| 999 |
_c591724 _d591724 |
||